Sold on a profitable idea (Record no. 72245)
[ view plain ]
| 000 -LEADER | |
|---|---|
| fixed length control field | 00784cam a2200193 4500 |
| 001 - CONTROL NUMBER | |
| control field | ABS66414 |
| 008 - FIXED-LENGTH DATA ELEMENTS--GENERAL INFORMATION | |
| fixed length control field | 030306n2003 000 0 eng u |
| 035 ## - SYSTEM CONTROL NUMBER | |
| System control number | (Sirsi) u121546 |
| 100 ## - MAIN ENTRY--PERSONAL NAME | |
| Personal name | Osborne, H. |
| 245 ## - TITLE STATEMENT | |
| Title | Sold on a profitable idea |
| 260 ## - PUBLICATION, DISTRIBUTION, ETC. | |
| Place of publication, distribution, etc. | c2003 |
| 490 ## - SERIES STATEMENT | |
| Series statement | Estates Gazette |
| Volume/sequential designation | (0307) 15 February 2003, 124(1) |
| 520 ## - SUMMARY, ETC. | |
| Summary, etc. | Survey by networking organisation Profile of the property industry's marketing practices and philosophy which reveals that attitudes have changed from ten years ago. Marketing is considered to be an essential service by 34% of firms and 43% increased their budget in the past 12 months. Bar graphs and pie charts. |
| 590 ## - LOCAL NOTE (RLIN) | |
| Local note | ABS |
| 650 ## - SUBJECT ADDED ENTRY--TOPICAL TERM | |
| Topical term or geographic name entry element | SURVEYS |
| 650 ## - SUBJECT ADDED ENTRY--TOPICAL TERM | |
| Topical term or geographic name entry element | MARKETING |
| 690 ## - LOCAL SUBJECT ADDED ENTRY--TOPICAL TERM (OCLC, RLIN) | |
| Topical term or geographic name as entry element | MANAGEMENT-BUSINESS MANAGEMENT |
| 942 ## - ADDED ENTRY ELEMENTS (KOHA) | |
| Suppress in OPAC | 0 |
| Withdrawn status | Lost status | Source of classification or shelving scheme | Damaged status | Not for loan | Home library | Current library | Shelving location | Date acquired | Total Checkouts | Full call number | Barcode | Date last seen | Copy number | Price effective from | Koha item type |
|---|---|---|---|---|---|---|---|---|---|---|---|---|---|---|---|
| Dewey Decimal Classification | London | London | Journal article | 06/03/2003 | ABS66414 | 121546-1001 | 06/08/2019 | 1 | 06/08/2019 | Journal article |